000
00232nam a2200097Ia 4500
001
812696
005
20250826171604.0
008
250824s9999 xx 000 0 und d
245
0
_a
ÇILGIN OKUL
_c
DURAN ÇETİN
260
_b
NAR YAYINLARI
999
_c
812696
_d
812696